<?xml version='1.0' encoding='UTF-8'?>
  <record xmlns="http://www.loc.gov/MARC21/slim">
    <leader>00000cam a22000007i 4500</leader>
    <controlfield tag="001">ocm68019490</controlfield>
    <controlfield tag="003">OCoLC</controlfield>
    <controlfield tag="005">20251015060536.6</controlfield>
    <controlfield tag="008">980713s1563    gw            001 0 lat d</controlfield>
    <datafield tag="040" ind1=" " ind2=" ">
      <subfield code="a">NLGGC</subfield>
      <subfield code="b">eng</subfield>
      <subfield code="e">rda</subfield>
      <subfield code="e">dcrmr</subfield>
      <subfield code="c">NLGGC</subfield>
      <subfield code="d">FQR</subfield>
      <subfield code="d">OCLCO</subfield>
      <subfield code="d">OCLCF</subfield>
      <subfield code="d">OCLCO</subfield>
      <subfield code="d">QGJ</subfield>
      <subfield code="d">OCLCL</subfield>
      <subfield code="d">OCLCQ</subfield>
      <subfield code="d">OCLCL</subfield>
      <subfield code="d">OCLCO</subfield>
      <subfield code="d">QGJ</subfield>
    </datafield>
    <datafield tag="029" ind1="0" ind2=" ">
      <subfield code="a">NLGGC</subfield>
      <subfield code="b">171531124</subfield>
    </datafield>
    <datafield tag="035" ind1=" " ind2=" ">
      <subfield code="a">(OCoLC)68019490</subfield>
    </datafield>
    <datafield tag="050" ind1=" " ind2="4">
      <subfield code="a">QA76.5</subfield>
      <subfield code="b">.L382</subfield>
    </datafield>
    <datafield tag="100" ind1="1" ind2=" ">
      <subfield code="a">Kling, Melchior,</subfield>
      <subfield code="d">1504-1571,</subfield>
      <subfield code="e">author.</subfield>
      <subfield code="4">aut</subfield>
      <subfield code="1">https://id.oclc.org/worldcat/entity/E39PBJbxFrk3C963MCGX3pdYT3</subfield>
    </datafield>
    <datafield tag="245" ind1="1" ind2="0">
      <subfield code="a">In feudorum vsus seu consuetudines brevis et erudita commentatio. /</subfield>
      <subfield code="c">authore Dn. Melchiore Clingio utriusque Iuris Doctore celeberrimo. ; Item, enarrationes aliquot Legum ff. de Legatis et Fideicommißis primo. ; Explicatio et continuatio titulorum Iuris Ciuilis &amp; Canonici, Eodem Autore. Cum indicibus Rerum ac Verborum hisce Tractatibus memorabilium copiosis.</subfield>
    </datafield>
    <datafield tag="246" ind1="3" ind2=" ">
      <subfield code="a">In fevdorvm vsvs sev consvetvdines brevis et ervdita commentatio</subfield>
    </datafield>
    <datafield tag="246" ind1="3" ind2=" ">
      <subfield code="a">In feudorum usus seu consuetudines brevis et erudita commentatio</subfield>
    </datafield>
    <datafield tag="264" ind1=" " ind2="1">
      <subfield code="a">Franc. :</subfield>
      <subfield code="b">apud Haeredes Christiani Egenolphi,</subfield>
      <subfield code="c">M. D. LXIII. [1563]</subfield>
    </datafield>
    <datafield tag="300" ind1=" " ind2=" ">
      <subfield code="a">[12], 42, [2], 43, [3], 57, [5] pages ;</subfield>
      <subfield code="c">31 cm(folio)</subfield>
    </datafield>
    <datafield tag="336" ind1=" " ind2=" ">
      <subfield code="a">text</subfield>
      <subfield code="b">txt</subfield>
      <subfield code="2">rdacontent</subfield>
    </datafield>
    <datafield tag="337" ind1=" " ind2=" ">
      <subfield code="a">unmediated</subfield>
      <subfield code="b">n</subfield>
      <subfield code="2">rdamedia</subfield>
    </datafield>
    <datafield tag="338" ind1=" " ind2=" ">
      <subfield code="a">volume</subfield>
      <subfield code="b">nc</subfield>
      <subfield code="2">rdacarrier</subfield>
    </datafield>
    <datafield tag="340" ind1=" " ind2=" ">
      <subfield code="m">folio</subfield>
      <subfield code="2">rdabf</subfield>
    </datafield>
    <datafield tag="500" ind1=" " ind2=" ">
      <subfield code="a">Colophon: Francoforti apud haeredes Christiani Egenolphi Hadamarij. M. D. LXIII.</subfield>
    </datafield>
    <datafield tag="500" ind1=" " ind2=" ">
      <subfield code="a">Printer's device on title page and on final page.</subfield>
    </datafield>
    <datafield tag="500" ind1=" " ind2=" ">
      <subfield code="a">Includes index.</subfield>
    </datafield>
    <datafield tag="500" ind1=" " ind2=" ">
      <subfield code="a">Contains also a poem by Justin Gobler.</subfield>
    </datafield>
    <datafield tag="500" ind1=" " ind2=" ">
      <subfield code="a">Contains also with separate title page and paging: Enarrationes aliquot legum ff. de legatis et fideicommissis primo / autore D. Melchiore Clingio iurisconsulto clarissimo; and: Explicatio et continuatio titulorum juris civilis et canonici, / per D. Melchiorem Kling, utriusque Iuris Doctorem.</subfield>
    </datafield>
    <datafield tag="500" ind1=" " ind2=" ">
      <subfield code="a">Historiated initials; printed marginal notes.</subfield>
    </datafield>
    <datafield tag="500" ind1=" " ind2=" ">
      <subfield code="a">Signatures: )(⁶ A-C⁶ D⁴ a-d⁶ Aa-Dd⁶ Ee⁸; D4, a1v, d6;Aa1v, and Ee8 are blank.</subfield>
    </datafield>
    <datafield tag="510" ind1="4" ind2=" ">
      <subfield code="a">Verzeichnis der im deutschen Sprachbereich erschienenen Drucke des 16. Jahrhunderts (VD 16),</subfield>
      <subfield code="c">K 1324</subfield>
      <subfield code="u">https://gateway-bayern.de/VD16+K+1324</subfield>
    </datafield>
    <datafield tag="510" ind1="4" ind2=" ">
      <subfield code="3">Kling, Melchior. Enarrationes aliquot legum ff. de legatis et fideicommissis:</subfield>
      <subfield code="a">Verzeichnis der im deutschen Sprachbereich erschienenen Drucke des 16. Jahrhunderts (VD 16),</subfield>
      <subfield code="c">K 1318</subfield>
      <subfield code="u">https://gateway-bayern.de/VD16+K+1318</subfield>
    </datafield>
    <datafield tag="510" ind1="4" ind2=" ">
      <subfield code="3">Kling, Melchor. Explicatio et continuatio titulorum iuris civilis et canonici:</subfield>
      <subfield code="a">Verzeichnis der im deutschen Sprachbereich erschienenen Drucke des 16. Jahrhunderts (VD 16),</subfield>
      <subfield code="c">K 1323</subfield>
      <subfield code="u">https://gateway-bayern.de/VD16+K+1323</subfield>
    </datafield>
    <datafield tag="700" ind1="1" ind2=" ">
      <subfield code="a">Göbler, Justinus,</subfield>
      <subfield code="d">1503 or 1504-1567,</subfield>
      <subfield code="e">contributor,</subfield>
      <subfield code="e">dedicator.</subfield>
      <subfield code="4">ctb</subfield>
      <subfield code="4">dto</subfield>
      <subfield code="1">https://id.oclc.org/worldcat/entity/E39PBJvRXvR4p6yr8qCDTyj9jC</subfield>
    </datafield>
    <datafield tag="700" ind1="0" ind2=" ">
      <subfield code="a">Heinrich</subfield>
      <subfield code="b">V,</subfield>
      <subfield code="c">von Plauen, Burggraf von Meissen,</subfield>
      <subfield code="d">1533-1568,</subfield>
      <subfield code="e">dedicatee.</subfield>
      <subfield code="4">dte</subfield>
    </datafield>
    <datafield tag="700" ind1="0" ind2=" ">
      <subfield code="a">Heinrich</subfield>
      <subfield code="b">VI,</subfield>
      <subfield code="c">von Plauen, Burggraf von Meissen,</subfield>
      <subfield code="d">1536-1572,</subfield>
      <subfield code="e">dedicatee.</subfield>
      <subfield code="4">dte</subfield>
    </datafield>
    <datafield tag="700" ind1="1" ind2=" ">
      <subfield code="a">Clingius, Georgius,</subfield>
      <subfield code="e">dedicatee.</subfield>
      <subfield code="4">dte</subfield>
    </datafield>
    <datafield tag="700" ind1="1" ind2=" ">
      <subfield code="a">Peutinger, Claudius,</subfield>
      <subfield code="e">dedicatee.</subfield>
      <subfield code="4">dte</subfield>
    </datafield>
    <datafield tag="710" ind1="2" ind2=" ">
      <subfield code="a">Chr. Egenolffs Erben,</subfield>
      <subfield code="e">printer.</subfield>
      <subfield code="4">prt</subfield>
      <subfield code="1">https://id.oclc.org/worldcat/entity/E39QQPVp7YrF6RRgYV6fjjVc7R</subfield>
    </datafield>
    <datafield tag="752" ind1=" " ind2=" ">
      <subfield code="a">Frankfurt am Main,</subfield>
      <subfield code="e">publication place.</subfield>
      <subfield code="4">pup</subfield>
    </datafield>
    <datafield tag="758" ind1=" " ind2=" ">
      <subfield code="i">has work:</subfield>
      <subfield code="a">In feudorum usus seu consuetudines brevis et erudita commentatio (Text)</subfield>
      <subfield code="1">https://id.oclc.org/worldcat/entity/E39PCFtBXFp3dppbcVKhGgFmbb</subfield>
      <subfield code="4">https://id.oclc.org/worldcat/ontology/hasWork</subfield>
    </datafield>
    <datafield tag="936" ind1=" " ind2=" ">
      <subfield code="a">BATCHLOAD</subfield>
    </datafield>
  </record>